A lét bölcselete

Elmentve itt :
Bibliográfiai részletek
Szerző: Szúnyogh Xavér Ferenc
Adatforrás:Philobibl
Dokumentumtípus: Könyv
Nyelv:magyar
Megjelent: Bp. 1947
LEADER 00286nam a2200109 c 4500
001 bibDOK00020736
005 20200924121503.3
008 060518s1947 hu hun
100 1 |a Szúnyogh Xavér Ferenc 
245 1 2 |a A lét bölcselete  |c Szúnyogh Xavér Ferenc 
260 |a Bp.  |c 1947 
300 |a 78 p. p.